| 000 | 00422nam a2200157Ia 4500 | ||
|---|---|---|---|
| 003 | GCL | ||
| 008 | 140319s9999 xx 000 0 eng d | ||
| 040 |
_aGCL / _cGCL |
||
| 082 | 0 | 4 |
_a792.03 _bB C |
| 100 | 1 | _aBANHAM, MARTIN | |
| 245 | 1 | 0 |
_aTHE CAMBRIDGE GUIDE TO THEATRE / _cBANHAM, MARTIN |
| 260 |
_a[S.N] : _bCAMBRIBGE UNIVERSITY PRESS ، _c1995 |
||
| 300 | _a1233 | ||
| 650 | 0 | 4 | _aTHEATER - DICTIONARY |
| 942 |
_2ddc _cBK |
||
| 999 |
_c10311 _d10311 |
||